000 005380000a22001810004500
003 MACL
005 20160218113115.0
008 160218b xxu||||| |||| 00| 0 eng d
040 _aMACL
_cMACL
041 _aHindi
082 _a370
100 _aकालेलकर काका
_937987
245 _aअपनिषदों का बोध
260 _bसस्‍ता साहित्‍य मण्‍डल
_c1982
_aनई दिल्‍ली
350 _a5
650 _aEducation
_938787
942 _cHIN
_k370
_2ddc
999 _c28390
_d28390